| Tag |
First Indicator |
Second Indicator |
Subfields |
| LEADER |
00000nam a2200000Ia 4500 |
| 001 |
in00004341921 |
| 005 |
20200812095130.0 |
| 006 |
m g d |
| 007 |
cr bn |||a|bb| |
| 008 |
130830s1664 enk o 000 0 eng d |
| 040 |
|
|
|a UMI
|e dcrmb
|c UMI
|
| 035 |
|
|
|a (OCoLC)857314545
|
| 037 |
|
|
|a CL0037000138
|b ProQuest, 789 E. Eisenhower Parkway, Ann Arbor, MI 48108-3218
|
| 090 |
|
|
|a KD379
|b .W46 1664
|
| 049 |
|
|
|a UMIA
|
| 100 |
1 |
|
|a Wemeyss, David.
|
| 245 |
1 |
4 |
|a The case of David Wemeyss merchant :
|b rightly stated, in His Majesties employment : how far it differs from other casual or accidental cases, viz.
|
| 260 |
|
|
|a [London :
|b publisher not identified,
|c 1664]
|
| 300 |
|
|
|a 1 online resource (1 sheet ([1)] pages)
|
| 336 |
|
|
|a text
|b txt
|2 rdacontent
|
| 337 |
|
|
|a computer
|b c
|2 rdamedia
|
| 338 |
|
|
|a online resource
|b cr
|2 rdacarrier
|
| 500 |
|
|
|a Place and date of publication suggested by Wing (2nd edition, 1994).
|
| 500 |
|
|
|a Reproduction of original in: Worcester College (University of Oxford). Library.
|
| 510 |
4 |
|
|a Wing (2nd edition, 1994),
|c C901E
|
| 510 |
4 |
|
|a ESTC
|c R233951
|
| 533 |
|
|
|a Electronic reproduction.
|b Ann Arbor, Mich. :
|c UMI,
|d 1999-
|f (Early English books online)
|n Digital version of: (Early English Books, 1641-1700 ; 3032:18)
|7 s1999 miun s
|
| 600 |
1 |
0 |
|a Wemeyss, David
|v Trials, litigation, etc.
|
| 650 |
|
0 |
|a Debts, Public
|v Early works to 1800.
|
| 655 |
|
7 |
|a Broadsides
|z England
|z London
|y 17th century.
|2 rbgenr
|
| 752 |
|
|
|a Great Britain
|b England
|d London.
|
| 830 |
|
0 |
|a Early English books online.
|
| 856 |
4 |
0 |
|u http://proxy.library.tamu.edu/login?url=https://search.proquest.com/docview/2240856269
|z Connect to the full text of this electronic book
|t 0
|
| 994 |
|
|
|a 01
|b UMI
|
| 999 |
f |
f |
|s 0e7748fe-d215-3c51-a60e-ee400412b0a9
|i 6d49d552-1724-31da-90fb-56119bd07537
|t 0
|
| 952 |
f |
f |
|a Texas A&M University
|b College Station
|c Electronic Resources
|d Available Online
|t 0
|e KD379 .W46 1664
|h Library of Congress classification
|
| 998 |
f |
f |
|a KD379 .W46 1664
|t 0
|l Available Online
|